[Event "4th Polonia Wroclaw Open A"]
[Site "Wroclaw POL"]
[Date "2009.06.25"]
[Round "8"]
[White "Bobula,M"]
[Black "Muzychuk,A"]
[Result "0-1"]
[WhiteElo "2389"]
[BlackElo "2533"]
[EventDate "2009.06.20"]

1. d4 d6 2. c4 e5 3. Nc3 exd4 4. Qxd4 Nf6 5. b3 Nc6 6. Qd2 g6 7. Bb2 Bg7 8.
e4 O-O 9. Bd3 Ne5 10. Bc2 a5 11. Nge2 a4 12. Rd1 axb3 13. axb3 Nfg4 14. Nd4
Qh4 15. h3 f5 16. exf5 c5 17. Ndb5 Bxf5 18. Bxf5 Rxf5 19. hxg4 Nf3+ 20. Ke2
Qxg4 21. Qe3 Re5 22. gxf3 Rxe3+ 23. fxe3 Qg2+ 24. Kd3 Qxb2 25. Rd2 Bxc3 26.
Rxb2 Bxb2 27. Nxd6 Rd8 28. Kc2 Rxd6 29. Kxb2 Re6 30. e4 Rf6 31. Rh3 h5 32.
Kc3 Kf7 33. b4 cxb4+ 34. Kxb4 Ke6 35. Kc5 Ke5 36. Kb5 Kd4 37. Rg3 h4 38.
Rg4 h3 39. Rg3 h2 40. Rh3 Rxf3 41. Rxh2 Kxe4 42. Kb6 Rb3+ 43. Ka7 g5 44. c5
g4 45. Rh7 Rb5 46. Rxb7 Rxc5 47. Rg7 Kf5 0-1

[Event "4th Polonia Wroclaw Open A"]
[Site "Wroclaw POL"]
[Date "2009.06.25"]
[Round "8"]
[White "Swiercz,D"]
[Black "Kalinin,O"]
[Result "1-0"]
[WhiteElo "2492"]
[BlackElo "2378"]
[EventDate "2009.06.20"]

1. e4 g6 2. d4 c6 3. Nc3 d5 4. Nf3 Bg7 5. h3 Nf6 6. e5 Nfd7 7. Be3 f6 8.
exf6 exf6 9. h4 h5 10. Bd3 Nf8 11. Ne2 Kf7 12. c4 dxc4 13. Bxc4+ Be6 14.
Qb3 Bxc4 15. Qxc4+ Qd5 16. Qxd5+ cxd5 17. Nf4 Nc6 18. Nxd5 Rd8 19. Nc3 Nb4
20. O-O Nd5 21. Rac1 Ne6 22. g3 Rd7 23. Nxd5 Rxd5 24. Rc4 Rhd8 25. Rfc1 a6
26. Rd1 g5 27. Kg2 R8d6 28. a4 Kg6 29. Ng1 b5 30. axb5 axb5 31. Rb4 Rc6 32.
Ne2 Bf8 33. Rb3 b4 34. Rbd3 gxh4 35. gxh4 Bd6 36. f4 Ng7 37. Kf3 Nf5 38.
Ke4 Ne7 39. Ra1 Bc7 40. Ng3 Re6+ 41. Kf3 Nf5 42. Nxf5 Kxf5 43. Ra7 Rc6 44.
Rd2 Rc1 45. Rg2 Rc4 46. Rb7 Rd6 47. Rb5+ Ke6 48. Rxh5 Rdxd4 49. Re2 1-0

[Event "4th Polonia Wroclaw Open A"]
[Site "Wroclaw POL"]
[Date "2009.06.25"]
[Round "8"]
[White "Gumula,D"]
[Black "Colin,V"]
[Result "1-0"]
[WhiteElo "2330"]
[BlackElo "2415"]
[EventDate "2009.06.20"]

1. d4 Nf6 2. c4 g6 3. Nc3 Bg7 4. Nf3 O-O 5. g3 d6 6. Bg2 Nc6 7. O-O a6 8.
b3 Rb8 9. Nd5 Bg4 10. Bb2 Qd7 11. Re1 Nxd5 12. cxd5 Nb4 13. Ng5 c6 14. h3
h6 15. hxg4 hxg5 16. dxc6 Nxc6 17. e3 Rfc8 18. Rc1 b5 19. Re2 d5 20. Rec2
e6 21. Ba3 Bf8 22. Bxf8 Kxf8 23. Rc5 Ne7 24. b4 Rxc5 25. bxc5 Nc6 26. f4
Qc7 27. Kf2 Qa5 28. Qe2 gxf4 29. gxf4 Ke7 30. Rc2 Qa3 31. Rd2 Qc3 32. Qd3
Qxd3 33. Rxd3 g5 34. fxg5 Rg8 35. e4 Rxg5 36. exd5 exd5 37. Bf3 a5 38. a3
Kd7 39. Ke3 Nd8 40. Rb3 b4 41. axb4 axb4 42. Rxb4 Ke7 43. Rb6 f5 44. Kf4
fxg4 45. Kxg5 gxf3 46. Kf4 f2 47. Rb1 Nc6 48. Ke3 Nb4 49. Kxf2 Nc2 50. Rd1
1-0

[Event "4th Polonia Wroclaw Open A"]
[Site "Wroclaw POL"]
[Date "2009.06.26"]
[Round "9"]
[White "Tiviakov,S"]
[Black "Balogh,C"]
[Result "1/2-1/2"]
[WhiteElo "2697"]
[BlackElo "2609"]
[EventDate "2009.06.20"]

1. e4 c5 2. c3 d5 3. exd5 Qxd5 4. d4 Nf6 5. Nf3 e6 6. Na3 a6 7. Nc4 Nbd7 8.
Be2 cxd4 9. Nxd4 e5 10. Nf5 Nc5 11. Qxd5 Nxd5 12. Nfe3 Nf4 13. Nxe5 Be6 14.
g3 Nxe2 15. Kxe2 O-O-O 16. Nf3 Be7 17. Nd4 Bh3 18. Bd2 Bf6 19. Rad1 Rhe8
20. Bc1 h5 21. f3 g5 22. Rhg1 Rd7 23. Ndc2 Rxd1 24. Rxd1 Be6 25. Nb4 h4 26.
Nbd5 Bd8 27. Kf2 b5 28. g4 Kb7 29. Nf5 Bxf5 30. gxf5 Re5 31. Be3 Nd7 32.
Nb4 Kc8 33. Nxa6 Rxf5 34. Ke2 Re5 35. Nb4 Re6 36. Kf2 Ne5 37. Bd4 Bc7 38.
Nd5 Bb8 39. h3 Nc4 40. b3 Bg3+ 41. Kf1 Ne5 42. Bxe5 Rxe5 43. c4 bxc4 44.
Nb6+ Kc7 45. Nxc4 Re6 46. Rd2 Re1+ 47. Kg2 Kc6 48. a4 Kc5 49. a5 Kb4 50. a6
Ra1 51. Nd6 Bf4 52. Rd4+ Kxb3 53. Nxf7 Rxa6 1/2-1/2

[Event "4th Polonia Wroclaw Open A"]
[Site "Wroclaw POL"]
[Date "2009.06.26"]
[Round "9"]
[White "Baklan,V"]
[Black "Postny,E"]
[Result "1/2-1/2"]
[WhiteElo "2618"]
[BlackElo "2648"]
[EventDate "2009.06.20"]

1. e4 e5 2. Nf3 Nc6 3. Bb5 a6 4. Ba4 Nf6 5. O-O Be7 6. Re1 b5 7. Bb3 d6 8.
c3 O-O 9. d4 Bg4 10. Be3 Bd7 11. Nbd2 Ng4 12. Bd5 Rb8 13. a3 Bf6 14. Nf1
Nxe3 15. Nxe3 g6 16. Qd2 Bg7 17. Rad1 Qe8 18. h3 Kh8 19. Bxc6 Bxc6 20. dxe5
dxe5 21. Nd5 Rd8 22. Qe3 Bxd5 23. exd5 f6 24. Qa7 Qf7 25. Qxa6 Rxd5 26. Qc6
Rfd8 27. Rxd5 Rxd5 28. Nd4 exd4 29. Re8+ Bf8 30. Rxf8+ Qxf8 31. Qxd5 dxc3
32. Qxb5 cxb2 33. Qxb2 Kg7 34. a4 Qc5 35. Qd2 Qa3 36. Qd7+ Kh6 37. Qc6 Qa1+
38. Kh2 Qd4 39. Qxc7 Qxa4 40. Qd6 Qa1 41. Qf8+ Kg5 42. Qb4 Kh6 43. Qf8+ Kg5
44. Qb4 1/2-1/2

[Event "4th Polonia Wroclaw Open A"]
[Site "Wroclaw POL"]
[Date "2009.06.26"]
[Round "9"]
[White "Malakhatko,V"]
[Black "Socko,B"]
[Result "1/2-1/2"]
[WhiteElo "2610"]
[BlackElo "2637"]
[EventDate "2009.06.20"]

1. d4 Nf6 2. c4 e6 3. Nf3 d5 4. Nc3 Bb4 5. cxd5 exd5 6. Bg5 O-O 7. e3 c5 8.
Bd3 c4 9. Bc2 Nbd7 10. O-O Bxc3 11. bxc3 Qa5 12. Bxf6 Nxf6 13. Qc1 Re8 14.
Nd2 Bg4 15. Re1 Bh5 16. a4 Re7 17. Qa3 Rae8 18. Rab1 Qc7 19. Rb5 Bg4 20.
Reb1 Bc8 21. a5 h5 22. Qc5 a6 23. Qxc7 Rxc7 24. R5b4 g6 25. h3 Ree7 26. Nf1
Ne8 27. Rb6 Re6 28. Ng3 Rce7 29. Ba4 Nd6 30. Ne2 g5 31. h4 f6 32. Ng3 gxh4
33. Nxh5 Ne4 34. Rxe6 Rxe6 35. Rc1 b5 36. axb6 Rxb6 37. Nf4 Bb7 38. f3 Ng3
39. Kh2 Kf7 40. Bc2 Rb2 41. Kh3 Ke7 42. Kxh4 Nf1 43. Rxf1 Rxc2 44. Rb1 Bc6
45. Rb6 Kd7 46. Rxa6 Rxc3 47. e4 dxe4 48. d5 Bb5 49. Rxf6 Rxf3 50. Kg4 Re3
51. Re6 Rb3 1/2-1/2

[Event "4th Polonia Wroclaw Open A"]
[Site "Wroclaw POL"]
[Date "2009.06.26"]
[Round "9"]
[White "Fridman,D2"]
[Black "Macieja,B"]
[Result "1/2-1/2"]
[WhiteElo "2646"]
[BlackElo "2601"]
[EventDate "2009.06.20"]

1. d4 Nf6 2. c4 e6 3. Nf3 d5 4. g3 Bb4+ 5. Bd2 Be7 6. Bg2 O-O 7. O-O c6 8.
Qc2 Nbd7 9. Bf4 a5 10. Rd1 b5 11. Ne5 Bb7 12. Nxd7 Nxd7 13. c5 g5 14. Bc1
f5 15. f4 g4 16. Bd2 h5 17. b4 a4 18. Nc3 Nf6 19. e3 Ne4 20. Be1 Nxc3 21.
Qxc3 Bc8 22. a3 Bd7 23. Bf2 Be8 24. Kf1 Bf6 25. Ke2 Ra7 26. Rh1 Rh7 27. h4
Bg6 28. Rad1 Rd7 29. Rhe1 Kf7 30. Kf1 Qb8 1/2-1/2

[Event "4th Polonia Wroclaw Open A"]
[Site "Wroclaw POL"]
[Date "2009.06.26"]
[Round "9"]
[White "Grabarczyk,M"]
[Black "Bartel,Mat"]
[Result "0-1"]
[WhiteElo "2469"]
[BlackElo "2601"]
[EventDate "2009.06.20"]

1. d4 Nf6 2. c4 g6 3. Nf3 Bg7 4. b3 c5 5. Bb2 cxd4 6. Nxd4 O-O 7. e3 d5 8.
cxd5 Qxd5 9. Nc3 Qa5 10. Be2 Rd8 11. Qc1 e5 12. Ndb5 a6 13. Na3 b5 14. O-O
Bb7 15. Nc2 Nbd7 16. b4 Qc7 17. a4 bxa4 18. Nxa4 Rac8 19. Na3 Qd6 20. Qe1
Bxg2 21. Kxg2 Qc6+ 22. Kg1 Qxa4 23. Nc4 Qc2 24. Rc1 Qf5 25. Nd6 Rxc1 26.
Qxc1 Qg5+ 27. Kh1 Nf8 28. Qc6 Rd7 29. Bc4 Ng4 30. Nxf7 Rxf7 31. Bxf7+ Kxf7
32. Qd5+ Ne6 33. h3 Nf6 34. Qxe5 Qh4 35. Qg3 Qxb4 36. Ba1 Qb5 37. Rc1 Qf5
38. Kg2 Ne4 39. Qf3 Qxf3+ 40. Kxf3 Nd2+ 41. Kg2 Nb3 42. Rc6 Bxa1 43. Rxa6
Be5 44. Ra7+ Bc7 45. Rb7 Nbc5 46. Ra7 Kf6 47. Ra1 Ne4 48. Rc1 Nd6 49. Rc6
Nf5 50. Rc4 Bd6 51. Ra4 Nc5 52. Rc4 Nd3 53. Kf1 Ne5 54. Ra4 Nf3 55. Kg2
N5h4+ 56. Kf1 Kg5 57. Ra7 Kh6 58. Ra4 Be7 59. Ra7 Bd6 60. Ra6 Bh2 61. Ra4
Kh5 62. Ra5+ g5 63. Ra7 h6 64. e4 Nd2+ 0-1

[Event "4th Polonia Wroclaw Open A"]
[Site "Wroclaw POL"]
[Date "2009.06.26"]
[Round "9"]
[White "Tomczak,J"]
[Black "Piorun,K"]
[Result "1/2-1/2"]
[WhiteElo "2447"]
[BlackElo "2476"]
[EventDate "2009.06.20"]

1. e4 e6 2. d4 d5 3. Nc3 Nf6 4. e5 Nfd7 5. f4 c5 6. Nf3 Nc6 7. Be3 Be7 8.
Be2 O-O 9. O-O b6 10. Qe1 f6 11. Qg3 cxd4 12. Nxd4 Nxd4 13. Bxd4 Bc5 14.
Bxc5 bxc5 15. Nb5 Ba6 16. a4 Bxb5 17. axb5 fxe5 18. fxe5 c4 19. Rxf8+ Qxf8
20. Qe3 Qb4 21. Bg4 Nf8 22. Qa3 Qxb5 23. Qd6 Re8 24. Rxa7 Qxb2 25. Qc7 Qb1+
26. Kf2 Qxc2+ 27. Be2 Qf5+ 28. Bf3 Qc2+ 29. Be2 Qf5+ 30. Bf3 Qc2+ 1/2-1/2

[Event "4th Polonia Wroclaw Open A"]
[Site "Wroclaw POL"]
[Date "2009.06.26"]
[Round "9"]
[White "Aleksandrov,A"]
[Black "Gumula,D"]
[Result "1-0"]
[WhiteElo "2624"]
[BlackElo "2330"]
[EventDate "2009.06.20"]

1. d4 Nf6 2. c4 e6 3. Nc3 Bb4 4. e3 c5 5. Bd3 d5 6. cxd5 exd5 7. a3 Bxc3+
8. bxc3 O-O 9. Ne2 b6 10. f3 Ba6 11. Bxa6 Nxa6 12. Qd3 c4 13. Qc2 Re8 14.
O-O Qd7 15. Ng3 h5 16. Re1 h4 17. Nh1 h3 18. Ng3 Nc7 19. e4 dxe4 20. fxe4
Qg4 21. e5 Ncd5 22. Bd2 Nh5 23. Qf5 Qxf5 24. Nxf5 Nhf4 25. gxh3 b5 26. Re4
Nd3 27. Rg4 g6 28. Rf1 1-0

[Event "4th Polonia Wroclaw Open A"]
[Site "Wroclaw POL"]
[Date "2009.06.26"]
[Round "9"]
[White "Yemelin,V"]
[Black "Urban,K"]
[Result "1-0"]
[WhiteElo "2582"]
[BlackElo "2456"]
[EventDate "2009.06.20"]

1. d4 c6 2. e4 d5 3. exd5 cxd5 4. c4 Nf6 5. Nc3 g6 6. Qb3 Bg7 7. cxd5 O-O
8. Nge2 Na6 9. Nf4 Qb6 10. Bc4 Qxd4 11. Be3 Qe5 12. Nd3 Qf5 13. O-O Nc7 14.
Bc5 b5 15. Nxb5 Nxb5 16. Bxb5 Bb7 17. Bc6 Bxc6 18. dxc6 Rfc8 19. Bxe7 Rxc6
20. Rac1 Rb6 21. Qc4 Ne4 22. Rc2 Nd6 23. Bxd6 Rxd6 24. Ne1 Rdd8 25. b3 a5
26. h3 Re8 27. Re2 Rec8 28. Qd3 Qf4 29. Nf3 a4 30. Rfe1 h6 31. Re4 Qf5 32.
bxa4 Rxa4 33. g4 Qa5 34. Qd7 Ra8 35. Re8+ Bf8 36. Kg2 Qc5 37. Rxa8 Rxa8 38.
Re2 Qc4 39. Ne5 Qf4 40. Nxg6 Qf6 41. Nxf8 Kxf8 42. Qd5 Ra6 43. Re3 Kg7 44.
Rf3 Qe7 45. Qd4+ f6 46. Qd5 Qc7 47. Rb3 Ra7 48. Rd3 Qe7 49. Re3 Qc7 50. a3
Ra5 51. Qe4 Re5 52. Qf3 Ra5 53. Rb3 Ra7 54. Qe4 Qd7 55. Qf3 Rc7 56. Rb6 Qe7
57. a4 Qd8 1-0

[Event "4th Polonia Wroclaw Open A"]
[Site "Wroclaw POL"]
[Date "2009.06.26"]
[Round "9"]
[White "Muzychuk,A"]
[Black "Rajlich,I"]
[Result "1/2-1/2"]
[WhiteElo "2533"]
[BlackElo "2424"]
[EventDate "2009.06.20"]

1. e4 e6 2. d4 d5 3. exd5 exd5 4. Nf3 Bd6 5. c4 Nf6 6. Nc3 O-O 7. cxd5 a6
8. Bd3 Re8+ 9. Be3 Bg4 10. O-O b5 11. h3 Bh5 12. g4 Bg6 13. Bxg6 hxg6 14.
Ne5 b4 15. Na4 Bxe5 16. dxe5 Rxe5 17. d6 cxd6 18. Qf3 Nbd7 19. Rfd1 d5 20.
Nc5 Nxc5 21. Bxc5 a5 22. Bd4 Re4 23. Bxf6 Qxf6 24. Qxf6 gxf6 25. Rxd5 Re2
26. Rb1 Rc8 27. Rxa5 Rcc2 28. Rb5 Rxf2 29. Rxb4 Rg2+ 30. Kh1 Rh2+ 31. Kg1
Rxh3 32. a4 Rg3+ 33. Kh1 Kg7 34. a5 f5 35. gxf5 Rg5 36. fxg6 Rh5+ 1/2-1/2

[Event "4th Polonia Wroclaw Open A"]
[Site "Wroclaw POL"]
[Date "2009.06.26"]
[Round "9"]
[White "Muzychuk,M"]
[Black "Swiercz,D"]
[Result "1/2-1/2"]
[WhiteElo "2441"]
[BlackElo "2492"]
[EventDate "2009.06.20"]

1. e4 c6 2. d4 d5 3. e5 c5 4. c4 cxd4 5. Qxd4 Be6 6. cxd5 Nc6 7. Qd1 Qxd5
8. Qxd5 Bxd5 9. Nc3 e6 10. Bf4 Rd8 11. O-O-O Nge7 12. Bg3 g6 13. Nxd5 Nxd5
14. Be2 Bh6+ 15. Kb1 O-O 16. Bf3 Nce7 17. Ne2 Rc8 18. Bh4 g5 19. Bg3 Rc4
20. Rd4 Rfc8 21. h4 Rxd4 22. Nxd4 gxh4 23. Bxh4 Bf4 24. Bf6 Nxf6 25. exf6
Ng6 26. Bxb7 Rb8 27. Bf3 Be5 28. Rd1 Bxf6 29. b3 Ne5 30. Nc6 Nxc6 31. Bxc6
1/2-1/2

[Event "4th Polonia Wroclaw Open A"]
[Site "Wroclaw POL"]
[Date "2009.06.26"]
[Round "9"]
[White "Zawadzka,J"]
[Black "Socko,M"]
[Result "0-1"]
[WhiteElo "2390"]
[BlackElo "2456"]
[EventDate "2009.06.20"]

1. e4 c5 2. Nf3 Nc6 3. d4 cxd4 4. Nxd4 g6 5. Nc3 Bg7 6. Be3 Nf6 7. Bc4 d6
8. f3 Qb6 9. Bb5 Qc7 10. Qd2 a6 11. Bxc6+ bxc6 12. Bh6 O-O 13. h4 d5 14.
Nde2 dxe4 15. Bxg7 Kxg7 16. fxe4 Rd8 17. Qg5 h6 18. Qc5 Bg4 19. Qe3 Bxe2
20. Nxe2 Qe5 21. Nc3 Rab8 22. Rb1 Nd5 23. Nxd5 cxd5 24. O-O dxe4 25. b3 f5
26. Rbe1 Qd4 27. h5 e6 28. hxg6 Kxg6 29. g3 Qxe3+ 30. Rxe3 Rd2 31. Rc3 Rbd8
32. Rc6 R8d6 33. Rxd6 Rxd6 34. c4 Rd3 35. Rc1 Rxg3+ 36. Kf2 f4 37. c5 e3+
38. Ke2 Kf5 39. c6 Rg2+ 40. Kf1 f3 41. Rc5+ Ke4 42. c7 e2+ 0-1

[Event "4th Polonia Wroclaw Open A"]
[Site "Wroclaw POL"]
[Date "2009.06.26"]
[Round "9"]
[White "Leniart,A"]
[Black "Zozulia,A"]
[Result "1/2-1/2"]
[WhiteElo "2372"]
[BlackElo "2376"]
[EventDate "2009.06.20"]

1. d4 Nf6 2. c4 c5 3. d5 e5 4. Nc3 d6 5. e4 Be7 6. Be2 O-O 7. Be3 a6 8. a4
Ne8 9. Bg4 Nd7 10. h4 g6 11. Bh6 Ng7 12. h5 Bg5 13. hxg6 fxg6 14. Be6+ Kh8
15. Bxg7+ Kxg7 16. Qg4 h5 17. Qe2 Nf6 18. Bxc8 Rxc8 19. Nf3 Ng4 20. Kd1 Rb8
21. Kc2 Bh6 22. Raf1 Qd7 23. Nh2 Nxh2 24. Rxh2 Rf6 25. f3 Rbf8 26. Rh3 Bg5
27. Ra1 R6f7 28. Nd1 Rb8 29. Nc3 Rbf8 30. Rh2 Bf4 31. Rhh1 Bg5 32. Qd3 Rb8
33. Ra3 Bd8 34. a5 Bg5 35. Na4 Bd8 36. Qc3 Qe7 37. Qd2 Bc7 38. Rb3 Qd7 39.
Nb6 Bxb6 40. Rxb6 Rbf8 41. Kb3 Rf4 42. Ka3 h4 43. b4 Qc7 44. Qe3 cxb4+ 45.
Kxb4 Rc8 46. Rc1 Rf6 47. Kb3 Qf7 48. Rc3 Qe7 49. Qf2 Rc5 50. Qa2 Rf8 51.
Qa4 Rfc8 52. Qb4 R8c7 53. Ka3 Kh6 54. Ka4 1/2-1/2

[Event "4th Polonia Wroclaw Open A"]
[Site "Wroclaw POL"]
[Date "2009.06.26"]
[Round "9"]
[White "Strzemiecki,Z"]
[Black "Biolek,R2"]
[Result "1/2-1/2"]
[WhiteElo "2307"]
[BlackElo "2424"]
[EventDate "2009.06.20"]

1. e4 c5 2. Nf3 Nc6 3. d4 cxd4 4. Nxd4 g6 5. c4 Bg7 6. Be3 Nf6 7. Nc3 O-O
8. Be2 d6 9. O-O Bd7 10. f3 Nxd4 11. Bxd4 Bc6 12. Qd2 Nd7 13. Be3 a5 14.
Rab1 Nc5 15. b3 Qb6 16. Rfc1 Rfc8 17. Bd1 Qb4 18. Rc2 a4 19. Nd5 Qxd2 20.
Rxd2 Bxd5 21. exd5 axb3 22. axb3 Ra3 23. Kf2 Rca8 24. Bc2 Ra1 25. b4 Nd7
26. Rxa1 Bxa1 27. b5 b6 28. Bd3 Bc3 29. Rd1 f6 30. Rb1 Ra2+ 31. Be2 Ba5 32.
f4 Kf7 33. Bd4 Nc5 34. Bxc5 dxc5 35. Rb3 Bd2 36. g3 Bc1 37. Kf3 e6 38.
dxe6+ 1/2-1/2

[Event "4th Polonia Wroclaw Open A"]
[Site "Wroclaw POL"]
[Date "2009.06.26"]
[Round "9"]
[White "Biolek,R1"]
[Black "Guilleux,F"]
[Result "1-0"]
[WhiteElo "2373"]
[BlackElo "2313"]
[EventDate "2009.06.20"]

1. e4 c5 2. Nf3 d6 3. d4 cxd4 4. Nxd4 Nf6 5. Nc3 a6 6. Bg5 e6 7. f4 Nbd7 8.
Qf3 Qc7 9. O-O-O b5 10. g4 b4 11. Nd5 exd5 12. exd5 Be7 13. Re1 Nf8 14. Nc6
Ng6 15. h4 Bxg4 16. Qg2 h5 17. Bd3 Bd7 18. Nxe7 Nxe7 19. Bxf6 gxf6 20. Qg7
Rf8 21. Rxe7+ Kxe7 22. Re1+ Be6 23. dxe6 Qc5 24. exf7+ Kd7 25. Qxf6 Kc7 26.
Qe7+ Kb6 27. Be4 Rad8 28. Qb7+ Ka5 29. Bd3 Qb6 30. Qe7 Qc6 31. Re4 Qd7 32.
Qg5+ d5 33. Qf6 Qa7 34. Re6 Ra8 35. Qe5 Qg1+ 36. Kd2 Qg2+ 37. Be2 Rxf7 38.
Rd6 Rb7 39. Rxd5+ Rb5 40. Rxb5+ 1-0

Buenos Aires Champions League
-----------------------------

[Event "Champions League CAA"]
[Site "Buenos Aires ARG"]
[Date "2009.05.09"]
[Round "2"]
[White "Airando,M"]
[Black "Pagano,M"]
[Result "1-0"]
[WhiteElo "2250"]
[BlackElo "2049"]
[EventDate "2009.05.02"]

1. d4 Nf6 2. Nf3 e6 3. Bf4 c5 4. e3 Qb6 5. Qc1 Nc6 6. c3 Nh5 7. Bg3 f5 8.
Nbd2 cxd4 9. Nc4 Qc5 10. exd4 Qd5 11. Bd3 Be7 12. Bc7 Nd8 13. h3 O-O 14.
Qc2 d6 15. Ne3 Qc6 16. Bxd8 Bxd8 17. d5 Qe8 18. O-O-O Nf4 19. dxe6 g6 20.
Bc4 Bxe6 21. Qb3 b5 22. Bxe6+ Qxe6 23. Qxe6+ Nxe6 24. Rxd6 Nc5 25. Rd5 Bb6
26. Nd4 b4 27. cxb4 Nd3+ 28. Kb1 Nxf2 29. Rf1 Ne4 30. Ndc2 Rae8 31. Nc4 Bd8
32. a4 Nf6 33. Rd2 Ne4 34. Rd7 Ng3 35. Rfd1 a6 36. R1d6 Bg5 37. Rxa6 Re2
38. Raa7 Bf6 39. N2e3 Nf1 40. Nd5 Bd4 41. Ne7+ Rxe7 42. Rxe7 Bxa7 43. Rxa7
f4 44. b5 Ne3 45. Nxe3 fxe3 46. Re7 Rf4 47. b3 1-0

[Event "Champions League CAA"]
[Site "Buenos Aires ARG"]
[Date "2009.05.02"]
[Round "1"]
[White "Menon,D"]
[Black "Glinz,G"]
[Result "1-0"]
[WhiteElo "2186"]
[BlackElo "2060"]
[EventDate "2009.05.02"]

1. d4 Nf6 2. c4 c5 3. d5 d6 4. Nc3 g6 5. e4 Bg7 6. f4 O-O 7. Nf3 e6 8. Bd3
exd5 9. cxd5 a6 10. a4 Nbd7 11. O-O Rb8 12. Qc2 Re8 13. Bd2 Qc7 14. b3 Nb6
15. Bc4 Bd7 16. Rae1 Nxc4 17. bxc4 b5 18. e5 Bf5 19. Qa2 dxe5 20. axb5 exf4
21. bxa6 Bd3 22. a7 Ra8 23. Nb5 Qb6 24. Bxf4 Bxf1 25. Rxe8+ Nxe8 26. Kxf1
Bf8 27. Ne5 Qf6 28. Qf2 Qf5 29. Bg3 Qb1+ 30. Qe1 Qa2 31. Qe2 Rxa7 32. Nxa7
Qxa7 33. Nxg6 Qa1+ 34. Be1 Qf6+ 35. Kg1 hxg6 36. Qxe8 Qd4+ 37. Bf2 Qxc4 38.
d6 Qd5 39. d7 Qd1+ 40. Be1 Qd4+ 41. Kh1 Qd3 42. h3 1-0

[Event "Champions League CAA"]
[Site "Buenos Aires ARG"]
[Date "2009.05.02"]
[Round "1"]
[White "Goldwaser,C"]
[Black "Chiappe,J"]
[Result "1-0"]
[WhiteElo "2356"]
[BlackElo "2145"]
[EventDate "2009.05.02"]

1. d4 Nf6 2. Nf3 e6 3. e3 d5 4. Bd3 Bd6 5. Nbd2 Nbd7 6. O-O O-O 7. c4 c6 8.
e4 dxe4 9. Nxe4 Nxe4 10. Bxe4 Nf6 11. Bc2 c5 12. b3 cxd4 13. Qxd4 Bc7 14.
Qh4 h6 15. Ba3 Re8 16. Rad1 Nd7 17. Qe4 f5 18. Qe2 Qf6 19. Bd6 Bxd6 20.
Rxd6 Qe7 21. Rfd1 Nf6 22. Ne5 Nd5 23. Qh5 Nf4 24. Qf3 Nd5 25. c5 b6 26. b4
a5 27. Ba4 Rf8 28. Ng6 Qf6 29. Nxf8 Kxf8 30. R1xd5 axb4 31. Rd8+ Kf7 32.
R5d7+ 1-0

[Event "Champions League CAA"]
[Site "Buenos Aires ARG"]
[Date "2009.05.02"]
[Round "1"]
[White "Rodriguez,Mar"]
[Black "Airando,M"]
[Result "1/2-1/2"]
[WhiteElo "2077"]
[BlackElo "2250"]
[EventDate "2009.05.02"]

1. d4 d5 2. c4 c6 3. Nf3 Nf6 4. cxd5 cxd5 5. Nc3 Nc6 6. Bf4 Ne4 7. Qb3 Nxc3
8. bxc3 g6 9. e4 e6 10. exd5 exd5 11. Bb5 Bg7 12. O-O O-O 13. Bd3 b6 14.
Rfe1 Bb7 15. Ne5 Nxe5 16. Bxe5 Re8 17. Bxg7 Kxg7 18. Rxe8 Qxe8 19. a4 Bc6
20. Bf1 Rb8 21. g3 Rb7 22. Bg2 Re7 23. Bxd5 Re1+ 24. Rxe1 Qxe1+ 25. Kg2
Bxd5+ 26. Qxd5 Qxc3 27. Qe5+ Kg8 28. Qe8+ 1/2-1/2

[Event "Champions League CAA"]
[Site "Buenos Aires ARG"]
[Date "2009.05.02"]
[Round "1"]
[White "Schweber,S"]
[Black "Anelli,A"]
[Result "1/2-1/2"]
[WhiteElo "2349"]
[BlackElo "2193"]
[EventDate "2009.05.02"]

1. e4 e5 2. Nf3 d6 3. d4 Nf6 4. Nc3 Nbd7 5. Bc4 Be7 6. a4 O-O 7. O-O c6 8.
Qe2 a5 9. Rd1 Qc7 10. Ba2 exd4 11. Nxd4 Nc5 12. f3 Re8 13. Qf2 Bd7 14. g4
Rad8 15. Bf4 Ne6 16. Be3 Nxd4 17. Bxd4 Ra8 18. Bb6 Qc8 19. Bd4 Be6 20. Bxf6
Bxf6 21. Rxd6 Bxa2 22. Rxa2 Be5 23. Rd3 h5 24. h3 hxg4 25. hxg4 g6 26. Ra1
Kg7 27. Ne2 Rb8 28. f4 Qxg4+ 29. Qg2 1/2-1/2

[Event "Champions League CAA"]
[Site "Buenos Aires ARG"]
[Date "2009.05.02"]
[Round "1"]
[White "Palmiero,O"]
[Black "Blit,J"]
[Result "0-1"]
[WhiteElo "2100"]
[BlackElo "2307"]
[EventDate "2009.05.02"]

1. Nc3 f5 2. e4 fxe4 3. d3 e3 4. Bxe3 Nf6 5. Be2 e5 6. Bg5 Be7 7. Bxf6 Bxf6
8. Bh5+ g6 9. Bf3 c6 10. Ne4 Be7 11. Bg4 O-O 12. Nf3 Kg7 13. Qe2 d5 14.
Bxc8 dxe4 15. Bxb7 exf3 16. gxf3 Nd7 17. Bxa8 Qxa8 18. O-O-O Qe8 19. d4 Qf7
20. Kb1 Qxf3 21. Qxf3 Rxf3 22. dxe5 Nxe5 23. Rhe1 Bf6 24. Re2 g5 25. a3 h5
26. Rg1 Rf5 27. h3 h4 28. b3 Nf3 29. Rd1 Nd4 30. Red2 Nb5 31. Rd7+ Kg6 32.
R1d2 Nc3+ 33. Kc1 Re5 34. Kb2 Re1 35. R7d4 Nb5 36. c3 Nxd4 37. cxd4 c5 38.
Kc2 cxd4 39. b4 Rh1 40. Rd3 Be5 41. Rf3 Bf4 42. a4 Kf5 43. Rd3 Ke5 44. b5
g4 0-1

[Event "Champions League CAA"]
[Site "Buenos Aires ARG"]
[Date "2009.05.09"]
[Round "2"]
[White "Gibson,T"]
[Black "Bronstein,L"]
[Result "1-0"]
[WhiteElo "2272"]
[BlackElo "2390"]
[EventDate "2009.05.02"]

1. d4 Nf6 2. c4 e6 3. Nf3 Bb4+ 4. Nbd2 d6 5. e3 Nc6 6. Be2 O-O 7. O-O e5 8.
Nb3 e4 9. a3 exf3 10. Bxf3 Bxa3 11. Rxa3 Bf5 12. Na5 Nxa5 13. Rxa5 Be4 14.
Be2 c6 15. b4 d5 16. f3 Bg6 17. Bd2 Re8 18. Qa1 a6 19. c5 Rc8 20. Qc1 h5
21. Be1 Qd7 22. Ra3 Nh7 23. Qd2 Nf8 24. h3 Ne6 25. Bg3 Nc7 26. Re1 Nb5 27.
Rb3 Qf5 28. Kf2 Rcd8 29. Bh4 Rc8 30. Bd3 Qe6 31. Bf1 f6 32. Kg1 Rc7 33. Bg3
Rce7 34. h4 Kh7 35. Bxb5 axb5 36. Ra3 Qf5 37. Rea1 Qc2 38. Qxc2 Bxc2 39.
Bf4 Kg6 40. Kf2 Kf5 41. Rc3 Ba4 42. Ke2 g5 43. hxg5 fxg5 44. Bd6 Rh7 45.
Rh1 Rg8 46. e4+ Ke6 47. Kd2 Re8 48. Re3 Rhh8 49. Rhe1 Kd7 50. Be5 Rhf8 1-0

[Event "Champions League CAA"]
[Site "Buenos Aires ARG"]
[Date "2009.05.09"]
[Round "2"]
[White "Ginzburg,Ma"]
[Black "Dos Santos,R"]
[Result "0-1"]
[WhiteElo "2455"]
[BlackElo "2441"]
[EventDate "2009.05.02"]

1. e4 c5 2. Nf3 Nc6 3. Bb5 g6 4. Bxc6 dxc6 5. Nc3 Bg7 6. d3 e5 7. Be3 b6 8.
h3 Ne7 9. Qd2 h6 10. Nh2 Be6 11. f4 exf4 12. Bxf4 g5 13. Be3 f5 14. O-O-O
f4 15. Bf2 Ng6 16. Nf3 Ne5 17. d4 Nxf3 18. gxf3 cxd4 19. Bxd4 Bxd4 20. Qxd4
Qxd4 21. Rxd4 Ke7 22. h4 Rag8 23. e5 gxh4 24. Rxh4 Rg5 25. Ne2 Rxe5 26.
Nxf4 Bf7 27. Nd3 Rd5 28. Rde4+ Kd6 29. Ref4 Ke7 30. Re4+ Kf6 31. Ref4+ Rf5
32. Rxf5+ Kxf5 33. Kd2 h5 34. Rf4+ Ke6 35. Re4+ Kd6 36. Rd4+ Kc7 37. Rh4
Rg8 38. Nf4 Rg5 39. a3 Kd6 40. Ke3 Re5+ 41. Kf2 a5 42. Nd3 Rf5 43. Rd4+ Ke7
44. c4 c5 45. Re4+ Kd6 46. b4 axb4 47. axb4 cxb4 48. Rd4+ Ke7 49. Nxb4 Rc5
50. Re4+ Kf8 51. Nd5 Bxd5 52. cxd5 Rxd5 53. Kg3 Kf7 54. Kh4 b5 55. f4 Rc5
56. Rd4 Ke6 57. Rd8 Kf5 58. Kxh5 Kxf4+ 59. Kg6 Rc6+ 60. Kf7 Rb6 0-1

[Event "Champions League CAA"]
[Site "Buenos Aires ARG"]
[Date "2009.05.09"]
[Round "2"]
[White "Liascovich,L"]
[Black "Gimenez,S"]
[Result "1-0"]
[WhiteElo "2440"]
[BlackElo "2112"]
[EventDate "2009.05.02"]

1. b3 c5 2. Bb2 Nc6 3. e4 e5 4. f4 g6 5. Nf3 Bg7 6. Bb5 Nge7 7. O-O O-O 8.
fxe5 Qc7 9. Bxc6 Nxc6 10. Nc3 Nxe5 11. Nd5 Qb8 12. Nxe5 Bxe5 13. Bxe5 Qxe5
14. c3 Kg7 15. Nf6 d6 16. d4 Qe7 17. Qd2 h6 18. Rae1 Be6 19. c4 Rad8 20.
Qb2 Bc8 21. Nd5 Qg5 22. e5 Be6 23. dxc5 dxc5 24. Re2 b5 25. h3 b4 26. Kh2
a5 27. Rff2 Rfe8 28. Nf6 Rf8 29. Ne4 Qe7 30. Nd6 Rd7 31. Re3 a4 32. bxa4
Qd8 33. Rg3 h5 34. Qc1 Rxd6 35. exd6 Qxd6 36. Qb2+ Kh7 37. Qf6 Ra8 38. Rf4
Qd8 39. Qe5 Qf8 40. Qg5 Qd8 41. Qxc5 Rxa4 42. Qf2 Qe7 43. h4 Qa7 44. Rd4
Kg7 45. Qf4 Qe7 46. Qd2 Qa7 47. Rd8 Rxa2 48. Qxb4 Ra1 49. Qf8+ Kf6 50. Qh8+
Ke7 51. Qf8+ Kf6 52. Rf3+ Bf5 53. Rd6+ Ke5 1-0